ARRUPE JESUIT UNIVERSITY

CORONAVIRUS -STOP THE SPREAD - CLEAN,DISINFECT,COVER

The discipline of hope : (Record no. 129937)

MARC details
000 -LEADER
fixed length control field 01329cam a2200325 a 4500
001 - CONTROL NUMBER
control field 1654868
003 - CONTROL NUMBER IDENTIFIER
control field ARRUPE
005 - DATE AND TIME OF LATEST TRANSACTION
control field 20191017101759.0
008 - FIXED-LENGTH DATA ELEMENTS--GENERAL INFORMATION
fixed length control field 971029s1998 nyu 000 0aeng
010 ## - LIBRARY OF CONGRESS CONTROL NUMBER
LC control number 97039214
020 ## - INTERNATIONAL STANDARD BOOK NUMBER
International Standard Book Number 0684814129
040 ## - CATALOGING SOURCE
Original cataloging agency DLC
Transcribing agency DLC
Modifying agency DLC
043 ## - GEOGRAPHIC AREA CODE
Geographic area code n-us---
050 00 - LIBRARY OF CONGRESS CALL NUMBER
Classification number LA2317.K64
Item number A3 1998
082 00 - DEWEY DECIMAL CLASSIFICATION NUMBER
Classification number 371.1/0092
Edition number 21
300 ## - PHYSICAL DESCRIPTION
Dimensions 25 cm.
100 1# - MAIN ENTRY--PERSONAL NAME
Personal name Kohl, Herbert R.
9 (RLIN) 33390
245 14 - TITLE STATEMENT
Title The discipline of hope :
Remainder of title learning from a lifetime of teaching /
Statement of responsibility, etc Herbert Kohl.
260 ## - PUBLICATION, DISTRIBUTION, ETC. (IMPRINT)
Place of publication, distribution, etc New York, NY :
Name of publisher, distributor, etc The New York Press,
Date of publication, distribution, etc c1998.
300 ## - PHYSICAL DESCRIPTION
Extent 350 p. ;
600 10 - SUBJECT ADDED ENTRY--PERSONAL NAME
Personal name Kohl, Herbert R.
9 (RLIN) 33390
650 #0 - SUBJECT ADDED ENTRY--TOPICAL TERM
Topical term or geographic name as entry element Teachers
Geographic subdivision United States
General subdivision Biography.
9 (RLIN) 48404
650 #0 - SUBJECT ADDED ENTRY--TOPICAL TERM
Topical term or geographic name as entry element Effective teaching
Geographic subdivision United States.
9 (RLIN) 48405
650 #0 - SUBJECT ADDED ENTRY--TOPICAL TERM
Topical term or geographic name as entry element Teacher-student relationships
Geographic subdivision United States.
9 (RLIN) 48406
650 #0 - SUBJECT ADDED ENTRY--TOPICAL TERM
Topical term or geographic name as entry element Children with social disabilities
General subdivision Education (Elementary)
Geographic subdivision United States.
9 (RLIN) 48407
856 42 - ELECTRONIC LOCATION AND ACCESS
Materials specified Publisher description
Uniform Resource Identifier <a href="http://www.loc.gov/catdir/description/simon033/97039214.html">http://www.loc.gov/catdir/description/simon033/97039214.html</a>
856 42 - ELECTRONIC LOCATION AND ACCESS
Materials specified Contributor biographical information
Uniform Resource Identifier <a href="http://www.loc.gov/catdir/enhancements/fy0707/97039214-b.html">http://www.loc.gov/catdir/enhancements/fy0707/97039214-b.html</a>
906 ## - LOCAL DATA ELEMENT F, LDF (RLIN)
a 7
b cbc
c orignew
d 1
e ocip
f 19
g y-gencatlg
942 ## - ADDED ENTRY ELEMENTS (KOHA)
Source of classification or shelving scheme Library of Congress Classification
Koha item type Monograph ( Printed materials)
Holdings
Withdrawn status Lost status Source of classification or shelving scheme Damaged status Not for loan Collection code Home library Current library Shelving location Date acquired Total Checkouts Full call number Barcode Date last seen Price effective from Koha item type
    Library of Congress Classification     Main Collection ARRUPE LIBRARY ARRUPE LIBRARY Main Collection 17/10/2019   LA2317.K64 A3 1998 46600005536 17/10/2019 17/10/2019 Monograph ( Printed materials)

 

Arrupe Library. PO Box MP320 Mt Pleasant, Harare, Zimbabwe
263 242 745411|librarian@aju.ac.zw